Directory of oil palm estates in Malaysia.
| Corporate Author: | |
|---|---|
| Format: | Book |
| Published: |
Kelana Jaya:
MPOB,
2014.
|
| Subjects: |
| LEADER | 00547cam a2200157 7i4500 | ||
|---|---|---|---|
| 001 | 0000032386 | ||
| 005 | 20150415090000.0 | ||
| 020 | 0 | 0 | |a 9789679612004 |
| 090 | 0 | 0 | |a M 633.851025595 |b DIR |
| 110 | 2 | 0 | |a Malaysian Palm Oil Board (MPOB) |
| 245 | 1 | 0 | |a Directory of oil palm estates in Malaysia. |
| 260 | 0 | 0 | |a Kelana Jaya: |b MPOB, |c 2014. |
| 300 | # | # | |a 332 p. |
| 651 | 0 | 0 | |a Malaysia -- |x Oil palm -- |x Directories -- |y 2014 |
| 999 | |a 0000035510 |b Directories |c Malaysia |e Business Information Centre | ||
| 999 | |a 0000035509 |b Directories |c Malaysia |e Business Information Centre | ||


